| 000 | 00848nam0a22002411 4500 | ||
|---|---|---|---|
| 001 | rc\2746804 | ||
| 005 | 20250529143305.0 | ||
| 035 | _a(NLR Aleph) 006873855 | ||
| 090 |
_a6976095 _c6976095 |
||
| 100 | _a20110915d1939 |||y0rusy50 ca | ||
| 101 | 0 | _arus | |
| 102 | _aRU | ||
| 105 | _aa j ||||| | ||
| 200 | 1 |
_aПроизводство азотной кислоты _eУчебник для курсов мастеров соц. труда _fП. А. Марычев |
|
| 210 |
_aМосква _cГОНТИ. Ред. хим. лит-ры _d1939 _eЛенинград |
||
| 215 |
_a256 с. _cил., черт. _d22 см. |
||
| 225 | 1 | _aДля мастеров социалистического труда | |
| 700 | 1 |
_aМарычев _bП.А. |
|
| 801 | 0 |
_aRU _bNLR _gpsbo |
|
| 801 | 1 |
_aRU _bELAR _2rusmarc |
|
| 852 |
_aNLR _j39-4/418 |
||
| 942 | _cBOOK | ||
| 980 | _aNB | ||